Напряженное состояние при испытании [листового материала] по методу Эриксена; Кузнечно-штамповочное производство; № 3

Detalles Bibliográficos
Parent link:Кузнечно-штамповочное производство
№ 3.— 1974.— С. 15-17
Otros Autores: Дель Г. Д., Богомолов Ю. С., Грудин А. А., Дель В. Д.
Lenguaje:ruso
Publicado: 1974
Materias:
Formato: MixedMaterials Capítulo de libro
KOHA link:https://koha.lib.tpu.ru/cgi-bin/koha/opac-detail.pl?biblionumber=594556

MARC

LEADER 00000naa0a2200000 4500
001 594556
005 20250207135041.0
035 |a (RuTPU)RU\TPU\tpu\11167 
090 |a 594556 
100 |a 20030709d1974 k||y0rusy50 ca 
101 0 |a rus 
102 |a RU 
200 1 |a Напряженное состояние при испытании [листового материала] по методу Эриксена  |f Г. Д. Дель [и др.] 
461 |t Кузнечно-штамповочное производство 
463 |t № 3  |v С. 15-17  |d 1974 
610 1 |a листовые материалы 
610 1 |a напряженные состояния 
610 1 |a метод Эриксена 
610 1 |a труды учёных ТПУ 
701 1 |a Дель  |b Г. Д. 
701 1 |a Богомолов  |b Ю. С. 
701 1 |a Грудин  |b А. А. 
701 1 |a Дель  |b В. Д. 
801 1 |a RU  |b 63413507  |c 20030709  |g PSBO 
801 2 |a RU  |b 63413507  |c 20100303  |g RCR 
942 |c CR